Educational institutional culture manual (An). (Record no. 115327)
[ view plain ]
| 000 -LEADER | |
|---|---|
| fixed length control field | 00665nam a2200229 a 4500 |
| 005 - DATE AND TIME OF LATEST TRANSACTION | |
| control field | 20140414132138.0 |
| 008 - FIXED-LENGTH DATA ELEMENTS--GENERAL INFORMATION | |
| fixed length control field | 131119s19uu xx 00 eng d |
| 020 ## - INTERNATIONAL STANDARD BOOK NUMBER | |
| International Standard Book Number | 9719222158 |
| 050 ## - LIBRARY OF CONGRESS CALL NUMBER | |
| Classification number | TR 371 |
| Item number | T11 2004 |
| 100 ## - MAIN ENTRY--PERSONAL NAME | |
| Personal name | Tan, Genevieive Ledesma |
| 245 ## - TITLE STATEMENT | |
| Title | Educational institutional culture manual (An). |
| 260 ## - PUBLICATION, DISTRIBUTION, ETC. (IMPRINT) | |
| Place of publication, distribution, etc | Las Pi�as City : |
| Name of publisher, distributor, etc | Southville Intenational School & Colleges, |
| Date of publication, distribution, etc | c2004. |
| 300 ## - PHYSICAL DESCRIPTION | |
| Extent | 137 |
| 650 ## - SUBJECT ADDED ENTRY--TOPICAL TERM | |
| Topical term or geographic name as entry element | Educational Institution- |
| General subdivision | culture |
| 650 ## - SUBJECT ADDED ENTRY--TOPICAL TERM | |
| Topical term or geographic name as entry element | Educational Institution- |
| General subdivision | reference manual |
| 700 ## - ADDED ENTRY--PERSONAL NAME | |
| Personal name | Teehankee, Benito L. |
| Withdrawn status | Lost status | Damaged status | Use restrictions | Home library | Current library | Shelving location | Date acquired | Source of acquisition | Total Checkouts | Full call number | Barcode | Date last seen | Price effective from | Koha item type |
|---|---|---|---|---|---|---|---|---|---|---|---|---|---|---|
| Munich Library | Munich Library | Teachers Reference Section | 11/19/2013 | TR 371 T11 2004 | M7350 | 04/14/2014 | 04/14/2014 | Books | ||||||
| Munich Library | Munich Library | Teachers Reference Section | 11/19/2013 | TR 371 T11 2004 | M7351 | 04/14/2014 | 04/14/2014 | Books | ||||||
| Munich Library | Munich Library | Teachers Reference Section | 11/19/2013 | TR 371 T11 2004 | M7352 | 04/14/2014 | 04/14/2014 | Books | ||||||
| Munich Library | Munich Library | Teachers Reference Section | 11/19/2013 | TR 371 T11 2004 | M7353 | 04/14/2014 | 04/14/2014 | Books | ||||||
| Munich Library | Munich Library | Teachers Reference Section | 11/19/2013 | TR 371 T11 2004 | M7354 | 04/14/2014 | 04/14/2014 | Books |